000 00512nam a2200181 a 4500
005 20220530120057.0
008 991125s1975 mx 000 0 spa u
035 _aUPN01000044591
049 _aI
050 4 _aQL696 C56
_bP63
245 0 4 _aThe pink flamingo.
260 _aMéxico :
_bSEDUE,
_c1975.
300 _a[18] p. :
_bretrs. col.
650 4 _aANIMALES Y PLANTAS -
_xDISTRIBUCION GEOGRAFICA
_94744
650 2 _aAves
_xHábitos y comportamiento
_94145
650 4 _aFLAMINGOS
_925465
905 _aInfantil
999 _c44591
_d44591